COUNSELLING FOR MANAGERS (Record no. 7525)

MARC details
000 -LEADER
fixed length control field 00326nam a2200133Ia 4500
008 - FIXED-LENGTH DATA ELEMENTS--GENERAL INFORMATION
fixed length control field 240624s9999 xx 000 0 und d
041 ## - LANGUAGE CODE
Language code of text/sound track or separate title eng
082 ## - DEWEY DECIMAL CLASSIFICATION NUMBER
Classification number 361.06 MAC
100 ## - MAIN ENTRY--PERSONAL NAME
Personal name MACLENNAN NIGEL
245 ## - TITLE STATEMENT
Title COUNSELLING FOR MANAGERS
260 ## - PUBLICATION, DISTRIBUTION, ETC.
Date of publication, distribution, etc. 1996
Place of publication, distribution, etc. USA
Name of publisher, distributor, etc. Gower
300 ## - PHYSICAL DESCRIPTION
Extent xii, : 281 : p. : cm. ; 23
365 ## - TRADE PRICE
Currency code BPS
Price amount 35
Holdings
Withdrawn status Lost status Damaged status Not for loan Home library Current library Shelving location Date acquired Source of acquisition Cost, normal purchase price Full call number Barcode Date last seen Copy number Price effective from Koha item type
        IMTN IMTN Rack 15-A 11/30/2007 BU 29.50 361.06 MAC 7525 06/24/2024 80.52 06/24/2024 Books
Designed & Maintained by: LRC IMT Nagpur Contact: lrc@imtnag.ac.in© 2024. All Rights Reserved.